Non-Riemannian geometry / (Record no. 70236)
[ view plain ]
| 000 -LEADER | |
|---|---|
| fixed length control field | 00835nam a2200253 a 4500 |
| 001 - CONTROL NUMBER | |
| control field | 70236 |
| 003 - CONTROL NUMBER IDENTIFIER | |
| rucl marc code | BD-RjUL |
| 005 - DATE AND TIME OF LATEST TRANSACTION | |
| control field | 20211209081958.0 |
| 008 - FIXED-LENGTH DATA ELEMENTS--GENERAL INFORMATION | |
| fixed length control field | 170416s1927 nyu b 000 0 eng |
| 035 ## - SYSTEM CONTROL NUMBER | |
| System control number | (BD-RjUL)70450 |
| 040 ## - CATALOGING SOURCE | |
| Original cataloging agency | DLC |
| Transcribing agency | ODaWU |
| Modifying agency | BD-RjUL |
| Language of cataloging | eng |
| 041 ## - LANGUAGE CODE | |
| Language code of text/sound track or separate title | eng |
| 082 ## - DEWEY DECIMAL CLASSIFICATION NUMBER | |
| Edition number | 23 |
| Classification number | 516 |
| Author mark and year | EIN 1927 |
| 100 1# - MAIN ENTRY--PERSONAL NAME | |
| Personal name | Eisenhart, Luther Pfahler, |
| Dates associated with a name | 1876-1965. |
| 9 (RLIN) | 151783 |
| 245 10 - TITLE STATEMENT | |
| Title | Non-Riemannian geometry / |
| Statement of responsibility, etc. | by Luther Pfahler Eisenhart |
| 260 ## - PUBLICATION, DISTRIBUTION, ETC. (IMPRINT) | |
| Place of publication, distribution, etc. | New York : |
| Name of publisher, distributor, etc. | American Mathematical Society, |
| Date of publication, distribution, etc. | 1927. |
| 300 ## - PHYSICAL DESCRIPTION | |
| Pagination | vii, 184 p. ; |
| Size | 24 cm. |
| 490 0# - SERIES STATEMENT | |
| Series statement | American Mathematical Society. Colloquium publications, vol. VIII |
| 504 ## - BIBLIOGRAPHY, ETC. NOTE | |
| Bibliography, etc | Includes bibliography |
| 650 #0 - SUBJECT ADDED ENTRY--TOPICAL TERM | |
| Topical term or geographic name as entry element | Geometry |
| 9 (RLIN) | 208007 |
| 830 ## - SERIES ADDED ENTRY--UNIFORM TITLE | |
| Uniform title | American Mathematical Society. Colloquium publications, vol. VIII |
| 942 ## - ADDED ENTRY ELEMENTS (KOHA) | |
| Source of classification or shelving scheme | Dewey Decimal Classification |
| Koha item type | Books |
| Lost status | Source of classification or shelving scheme | Damaged status | Not for loan | Collection code | Permanent Location | Current Location | Shelving location | Date acquired | Source of acquisition | Cost, normal purchase price | Total Checkouts | Full call number | Date last seen | Copy number | Koha item type |
|---|---|---|---|---|---|---|---|---|---|---|---|---|---|---|---|
| Dewey Decimal Classification | Not For Loan | Non-fiction | Central Library, University of Rajshahi | Central Library, University of Rajshahi | Reading Room | 30/10/1962 | Zeitlinger | 42.00 | 516 EIN 1927 | 16/04/2017 | C-1 | Books |